Statistiques concernant Rugby 6 Nation B

Cliquez ici pour prendre le quiz!

Statistiques générales

  • Ce quiz a été pris 121 fois
  • Le résultat moyen est 9 sur 12

Statistiques - réponses

MatchsVictoiresNulsDéfaitesSéléctions% Correct
11546465Espagne
99%
11049457Portugal
98%
125107513Géorgie
94%
409130Belgique
90%
455139Allemagne
89%
12585238Roumanie
88%
358027Pays-Bas
83%
10109Pologne
76%
11056351Russie
72%
201019Ukraine
53%
306024République Tchéque
50%
5302Maroc
9%

Distribution des résultats

Percentile par nombre de réponses

% des personnes avec chaque résultat

Votre développement - résultats

Vous n’avez pas pris ce quiz